000 01279cam a22003251a 4500
001 gs 58000200
003 DLC
005 20260227111406.0
008 780930s1958 dcuab b f001 0 eng
010 _ags 58000200
035 _a(OCoLC)4257121
040 _aDLC
_cOClU
_dDNAL
_dDLC
042 _apremarc
050 0 0 _aQE75
_b.B9 no. 1057
051 _aTN490.M3
_bS5
_cCopy 2.
070 0 _a407
_bG29B no.1057
072 0 _aX400
_aP300
082 _a553.46
100 1 _aSimons, Frank S.
_q(Frank Stanton),
_d1917-
245 1 0 _aGeology of the manganese deposits of Cuba /
_cby Frank S. Simons and John A. Straczek.
260 _aWashington, [D.C.] :
_bU.S. G.P.O.,
_c1958.
300 _axi, 289 p. :
_bill., maps (some col.) ;
_c24 cm. +
_e32 folded leaves in case.
440 0 _aGeological Survey bulletin ;
_v1057
500 _a"A summary report prepared in cooperation with the Dirección de Montes, Minas, y Aquas, Ministerio de Agricultura, under the auspices of the Interdepartmental Conference on Scientific and Cultural Cooperation with the American Republics, Department of State."
504 _aBibliography: p. 278-281.
500 _aIncludes index.
650 0 _aManganese ores
_zCuba.
650 0 _aGeology
_zCuba.
700 1 _aStraczek, John A.,
_d1914-
999 _c29260
_d29260